00486pab a2200145 454500008004000000100002200040245014300062260000900205300001400214362000900228650001500237700002200252700002000274773004600294180718b2002 xxu||||| |||| 00| 0 eng d aLeach, William D. aStrakeholder partnerships as collaborative policy making: evaluation criteria applied to watershed management in California and Washington c2002 ap.645-70. aFall aWatersheds aSabatier, Paul A. aPelkey, Neil W. aJournal of Policy Analysis and Management